000
00239nam a2200097Ia 4500
005
20251222114406.0
008
251222s1900||||xx |||||||||||||| ||spa||
082
_a
DVD0090/S31/2005/Ej.2
245
0
_a
No direction home: Bob Dylan:
942
_c
DVD
999
_c
1850
_d
1850